000 00983cam a2200229 4500
001 ABS65322
008 020430n2002 000 0 eng u
035 _a(Sirsi) u117755
100 _aForrest, E
245 _aWhere is construction's peace dividend?
260 _c2002
490 _aConstruction News
_v(6762) 18 April 2002, 26-29(4)
520 _aTwo articles on construction in Northern Ireland discuss whether the peace process has seen private investment opportunities open up in the province. Concludes that firms are still cautious and development is slow. Second article "Co-operation has been contractors' watchword" reviews whether establishment of regional "Rethinking construction" centres has aided implementation of Egan report.
590 _aABS
650 _aNORTHERN IRELAND
650 _aEGAN REFORMS
650 _aEGAN REFORMS
650 _aPARTNERING
650 _aPRIVATE INVESTMENT
690 _aBUILDING AND CONSTRUCTION-PROJECTS
942 _n0
999 _c70115
_d70115